Gaming Quiz

Random Gaming or Color Quiz
Score 0/32 Timer 10:00
0 Plays Today
color % Correct
Wound
100%
red/blueReally Annoying
100%
1 Gem
92.3%
2 Gem
92.3%
brownSecret Move
92.3%
purpleCombine
92.3%
purpleCrash Gem
92.3%
3 Gem
92.3%
brownRoundhouse
92.3%
4 Gem
92.3%
purpleDouble Crash Gem
92.3%
goldMaster Puzzler
92.3%
purpleGems to Gemonade
84.6%
brownOne of Each
84.6%
brownRisky Move
76.9%
brownCombos Are Hard
76.9%
color % Correct
brownIt's Combo Time
76.9%
brownIt's a Trap
69.2%
brownTraining Day
69.2%
blueThinking Ahead
69.2%
redMix-Master
69.2%
blueSelf-Improvement
69.2%
redStolen Purples
69.2%
brownOne-Two Punch
69.2%
redKnockdown
61.5%
brownSale Prices
61.5%
redCombo Practice
61.5%
brownGem Essence
61.5%
brownDraw Three
53.8%
redSneak Attack
53.8%
brownRecklessness
46.2%
brownIron Defense
38.5%

You're not logged in!

Compare scores with friends on all Sporcle quizzes.
OR
Log In

Sporcle TV

Today on Sporcle TV


Watch our educational content, quiz creation guides, and fun videos on Sporcle TV.

Show Comments

Extras

Created Jan 15, 2013ReportNominate
Tags:Color Quiz, chip, cost, strike

Top Quizzes Today


Score Distribution

Paid Content

Your Account Isn't Verified!

In order to create a playlist on Sporcle, you need to verify the email address you used during registration. Go to your Sporcle Settings to finish the process.

Report this User

Report this user for behavior that violates our Community Guidelines.

Details: